Atatürk'ün düşünce dünyası (Record no. 3084)

MARC details
000 -BAŞLIK
Sabit Uzunlukta Kontrol Alanı 00837na a2200265 4500
001 - KONTROL NUMARASI
Denetim Alanı 14084
003 - KONTROL NUMARASI IDENTIFIER
Denetim Alanı MIRAKIL
005 - SON İŞLEM TARİHİ VE ZAMANI
Denetim Alanı 20181213154919.0
008 - SABİT-BOY VERİ ELEMANLARI - GENEL BİLGİLER
Sabit Uzunlukta Kontrol Alanı 160823b tu 000 0
020 ## - ULUSLARARASI STANDART KİTAP NUMARASI
Uluslararası Standart Kitap Numarası 9756774037
035 ## - SİSTEM KONTROL NUMARASI
Sistem Kontrol Numarası 14084
040 ## - KATALOGLAMA KAYNAK
Orijinal Kataloglama Ajansı Milas
Kataloglama Dili tur
Metne Dönüştürmek Ajansı TR-AnCHP
082 ## - DEWEY ONLU SINIFLANDIRMA NUMARASI
Sınıflandırma Numarası ATA 956.1024
Ürün Numarası G94a 2000
090 ## - SINIFLAMA NUMARASI
Sınıflama Numarası ATA 956.1024 G94a 2000
100 ## - ANA GİRİŞ - KİŞİSEL İSİM
Kişisel Ad Güler, Ali
245 ## - BAŞLIK TABLOSU
Başlık Atatürk'ün düşünce dünyası
Sorumluluk Tablosu, Vb Ali Güler, Suat Akgül
260 ## - YAYIN, DAĞITIM, VB
Yayın, Dağıtım, Vb Yeri İstanbul
Yayıncı, Dağıtıcı, Vs Adı Toplumsal dönüşüm yayınları
Yayın, Dağıtım, Vb Tarihi 2000
300 ## - FİZİKSEL TANIM
Kapsam 269 s.
Boyutlar 19 sm.
490 ## - SERİSİ TABLOSU
Seri Beyanı Araştırma ve İnceleme
Hacim / Ardışık Tanımı 33
490 ## - SERİSİ TABLOSU
Seri Beyanı Toplumsal Dönüşüm Yayınları
Hacim / Ardışık Tanımı 119
600 ## - KONU KATMA GİRİŞ - KURUMSAL ADI
Kişisel Ad Atatürk, Mustafa Kemal
Bir Adıyla İlişkilendirilen Tarihler 1881-1938
Genel Alt Bölümü Kurtuluş Savaşı
600 ## - KONU KATMA GİRİŞ - KURUMSAL ADI
Kişisel Ad Atatürk, Mustafa Kemal
Bir Adıyla İlişkilendirilen Tarihler 1881-1938
Genel Alt Bölümü Atatürk devrimleri
700 ## - KATMA GİRİŞ - KİŞİSEL İSİM
Kişisel Ad Akgül, Suat
942 ## - EKLENDİ GİRİŞ ELEMANLARI (KOHA)
Sınıflandırma Veya Raf Düzeni Kaynak
Koha Öğesi Türü Books
999 ## - SİSTEM KONTROL NUMARALARI (KOHA)
Koha Biblionumber 3084
Koha Biblioitemnumber 3084
Holdings
Kalıcı Konum Mevcut Konum Edinme Tarihi Edinim Kaynak Toplam Check-Out'Lar Tam Çağrı Numarası Barkod Tarih Son Görülme İtibaren Geçerli Fiyatlar Koha Öğesi Türü
CHP Kütüphanesi CHP Kütüphanesi 08/23/2016 Bağış   ATA 956.1024 G94a 2000 002105 08/23/2016 08/23/2016 Books